| 000 | 00339nam a2200109Ia 4500 | ||
|---|---|---|---|
| 008 | 171204s9999 xx 000 0 und d | ||
| 245 | _aGod in the Machine: Video Games as Spiritual Pursuit: | ||
| 245 | _cLiel Leibovitz | ||
| 260 | _c2014 | ||
| 650 | _xVIDEO PRODUCTION AND DIRECTION | ||
| 856 | _uhttp://down.ebook777.com/035/1599474379.pdf | ||
| 999 |
_c346211 _d346211 |
||